00514nam a2200193Ia 450000500170000000800410001702000150005808200130007310000150008624500180010126000320011930000140015165000150016565000120018065000120019294200060020495200950021099900150030520241004055818.0240331s9999 xx 000 0 und d a0006862489 bBena820 aBenjamin,W 0aIlluminations aLondonbFontana pressc1992 a267 p .,  aPhilosophy aHistory aCulture cL 001040708LaWERCLbWERCLcSSCd2024-03-31l0o 820 Benp3572r2024-03-31w2024-03-31yL c3155d3155